Legislación de la Comunidad de Madrid. (Record no. 2927)

MARC details
000 -LEADER
campo de control de longitud fija 00923nas a2200253 i 4500
001 - NÚMERO DE CONTROL
campo de control 2927
003 - IDENTIFICADOR DE NÚMERO DE CONTROL
campo de control ES-MaACL
005 - FECHA Y HORA DE LA ÚLTIMA TRANSACCIÓN
campo de control 20250809062536.0
008 - DATOS DE LONGITUD FIJA--INFORMACIÓN GENERAL
campo de control de longitud fija 060214c1989 sp a| | 1 ||pa d
022 ## - NÚMERO INTERNACIONAL NORMALIZADO PARA PUBLICACIONES SERIADAS
Número Internacional Normalizado para Publicaciones Seriadas 1135-5301
080 ## - NÚMERO DE LA CLASIFICACIÓN DECIMAL UNIVERSAL
Número de la Clasificación Decimal Universal 34(460.27)(094.4)
080 ## - NÚMERO DE LA CLASIFICACIÓN DECIMAL UNIVERSAL
Número de la Clasificación Decimal Universal 35(460.27)(094.4)
245 00 - MENCIÓN DEL TÍTULO
Título Legislación de la Comunidad de Madrid.
260 ## - PUBLICACIÓN, DISTRIBUCIÓN, ETC.
Lugar de publicación, distribución, etc. Pamplona :
Nombre del editor, distribuidor, etc. Aranzadi,
Fecha de publicación, distribución, etc. 1989-
300 ## - DESCRIPCIÓN FÍSICA
Extensión 15 v. ;
Dimensiones 25 cm.
310 ## - PERIODICIDAD ACTUAL
Periodicidad actual Anual
362 0# - FECHAS DE PUBLICACIÓN Y/O DESIGNACIÓN SECUENCIAL
Fecha de publicación y/o designación secuencial 1989-
500 ## - NOTA GENERAL
Nota general Para años anteriores véase: Legislación de las Comunidades Autónomas / Instituto de Estudios de Administración Local y: Repertorio de Legislación de las Comunidades Autónomas de Aranzadi.
500 ## - NOTA GENERAL
Nota general A partir de 1990 en parte es continuación de: Repertorio de legislación de las Comunidades Autónomas.
650 17 - PUNTO DE ACCESO ADICIONAL DE MATERIA--TÉRMINO DE MATERIA
Término de materia o nombre geográfico como elemento de entrada Derecho
Fuente del encabezamiento o término embne
9 (RLIN) 11602
852 ## - LOCALIZACIÓN
Ubicación ES-MaACL
Número de control de estantería HEM-D-206
Encuadernación J-111
Signatura antigua
866 #0 - MENCIÓN TEXTUAL DE FONDOS--UNIDAD BIBLIOGRÁFICA BÁSICA
Fondos 1989-2003.
Holdings
Estatus retirado Estado de pérdida Estado de daño No para préstamo Colección Biblioteca de origen Biblioteca actual Ubicación en estantería Fecha de adquisición Fuente de adquisición Total de préstamos Signatura topográfica completa Código de barras Visto por última vez Precio de reemplazo Tipo de ítem Koha
        Periódicos y Revistas Biblioteca del Ateneo de Madrid Biblioteca del Ateneo de Madrid Depósito 2 17/01/2008     HEM-D-206 1002988 23/02/2023 23/02/2023 Revista